Globalization : the essentials

Αποθηκεύτηκε σε:
Λεπτομέρειες βιβλιογραφικής εγγραφής
Άλλοι συγγραφείς: Ritzer, George
Μορφή: Βιβλίο
Γλώσσα:English
Δημοσίευση: Chichester, West Sussex; Malden, MA : Wiley-Blackwell, 2011
Θέματα:
Ετικέτες: Προσθήκη ετικέτας
Δεν υπάρχουν, Καταχωρήστε ετικέτα πρώτοι!

MARC

LEADER 00000nam a2200000 i 4500
001 1/42189
008 140214s2011 eng d
020 |a 978-0-470-65561-0 
035 |l 10116705 
040 |a GR-MY-UA  |b gre  |e aacr 
041 0 |a eng 
082 0 |a 303.482  |2 (22) 
245 1 0 |a Globalization :  |b the essentials /  |c George Ritzer 
260 |a Chichester, West Sussex; Malden, MA :   |b Wiley-Blackwell,   |c 2011 
300 |a xi, 356 σ.;  |c 25 εκ. 
504 |a Περιλαμβάνει βιβλιογραφία και ευρετήριο 
650 0 0 |a Globalization. 
700 1 |a Ritzer, George. 
852 |a INST  |b LESVOS  |e 20140214  |h 303.482 RIT  |p 005100053572  |q 005100053572  |t BK  |y 0 
901 |a BIBL1-2014-1 
909 |a Λ  |b 179371 
922 |a 1ΕΛΗ  |b 201306  |c ΤΜΗΜΑ ΓΕΩΓΡΑΦΙΑΣ  |d ΙΩΑΝΝΙΔΟΥ 
970 |a ΤΖΑΦΕΡΗ  |b ΕΥΑΓΓΕΛΙΑ  |z 2014/02/14